<?xml version="1.0" encoding="UTF-8"?><?xml-stylesheet type="text/xsl" href="static/style.xsl"?><OAI-PMH xmlns="http://www.openarchives.org/OAI/2.0/" xmlns:xsi="http://www.w3.org/2001/XMLSchema-instance" xsi:schemaLocation="http://www.openarchives.org/OAI/2.0/ http://www.openarchives.org/OAI/2.0/OAI-PMH.xsd"><responseDate>2026-06-01T09:55:12Z</responseDate><request verb="GetRecord" identifier="oai:riuma.uma.es:10630/33472" metadataPrefix="marc">https://riuma.uma.es/rest/oai/request</request><GetRecord><record><header><identifier>oai:riuma.uma.es:10630/33472</identifier><datestamp>2026-02-03T11:44:34Z</datestamp><setSpec>com_10630_2254</setSpec><setSpec>col_10630_37956</setSpec></header><metadata><record xmlns="http://www.loc.gov/MARC21/slim" xmlns:dcterms="http://purl.org/dc/terms/" xmlns:doc="http://www.lyncode.com/xoai" xmlns:xsi="http://www.w3.org/2001/XMLSchema-instance" xsi:schemaLocation="http://www.loc.gov/MARC21/slim http://www.loc.gov/standards/marcxml/schema/MARC21slim.xsd">
   <leader>00925njm 22002777a 4500</leader>
   <datafield ind2=" " ind1=" " tag="042">
      <subfield code="a">dc</subfield>
   </datafield>
   <datafield ind2=" " ind1=" " tag="720">
      <subfield code="a">Pérez-García, Juan Carlos</subfield>
      <subfield code="e">author</subfield>
   </datafield>
   <datafield ind2=" " ind1=" " tag="260">
      <subfield code="c">2024-07-01</subfield>
   </datafield>
   <datafield ind2=" " ind1=" " tag="520">
      <subfield code="a">Ensayo sobre el impacto reciente de internet, las redes sociales y las inteligencias artificiales generativas sobre el arte digital y las artes gráficas, con referencias a la preocupación en torno al desarrollo de IAs generativas y a la necesidad de regularlas (v.gr., aprobación reciente del Reglamento de Inteligencia Artificial de la UE) debido a sus implicaciones sobre seguridad, datos personales o derechos de autor. Tras la crítica a un reciente estado de cosas en dicha materia, el ensayo concluye con diversas propuestas de prácticas artísticas para la sociedad digital contemporánea.</subfield>
   </datafield>
   <datafield ind1="8" ind2=" " tag="024">
      <subfield code="a">Pérez García, J.C. (2024). Imaginación digital y catástrofe (super)inteligente, en Teresa Marín García (ed.), Imágenes de lo frágil. Imaginación y catástrofe, pp. 107-131.</subfield>
   </datafield>
   <datafield ind1="8" ind2=" " tag="024">
      <subfield code="a">https://hdl.handle.net/10630/33472</subfield>
   </datafield>
   <datafield ind1="8" ind2=" " tag="024">
      <subfield code="a">10.4995/INT.2024.677101</subfield>
   </datafield>
   <datafield tag="653" ind2=" " ind1=" ">
      <subfield code="a">Arte - Innovaciones tecnológicas</subfield>
   </datafield>
   <datafield ind2="0" ind1="0" tag="245">
      <subfield code="a">Imaginación digital y catástrofe (super)inteligente.</subfield>
   </datafield>
</record>
</metadata></record></GetRecord></OAI-PMH>